| 000 | 00756nam a2200241Ia 4500 | ||
|---|---|---|---|
| 005 | 20220714160255.0 | ||
| 008 | 210716s1999 xx 000 0 und d | ||
| 020 | _a9788182092457 | ||
| 040 | _cAIMIT LIBRARY | ||
| 041 | _aeng | ||
| 082 |
_a003.55 _22 _bLEOA |
||
| 100 |
_aLeon, Alexis. _949540 |
||
| 245 |
_aFundamentals of information technology / _cBy Alexis Leon and Mathews Leon. |
||
| 250 | _a2 | ||
| 260 |
_aNew Delhi : _bVikas Publishing House Pvt Ltd , _c1999. |
||
| 300 |
_axxiv,578 p. : _c25 cm. |
||
| 650 |
_aDatabase management systems _949541 |
||
| 650 |
_aTelecommunications _949559 |
||
| 650 |
_aInternet and intranets _949560 |
||
| 650 |
_aSecurity _949561 |
||
| 700 |
_aLeon, Mathews. _949562 |
||
| 942 |
_2ddc _cBK _e2nd _k003.55 LEOA |
||
| 999 |
_c191776 _d191776 |
||